[Event "GER-chT Federal Cup (Women)"]
[Site "Braunfels"]
[Date "2022.06.18"]
[Round "4.16"]
[White "Roesler, Hannah Clara"]
[Black "Gottschall, Ina"]
[Result "1-0"]
[WhiteElo "1718"]
[BlackElo "1612"]
[PlyCount "82"]
[EventDate "2022.06.15"]
[EventType "team-swiss"]
[EventRounds "5"]
[EventCountry "GER"]
[SourceTitle "EXT 2023"]
[Source "ChessBase"]
[SourceDate "2022.10.05"]
[SourceVersion "1"]
[SourceVersionDate "2022.10.05"]
[SourceQuality "1"]

1. e4 g6 2. d4 Bg7 3. Nc3 d6 4. Be3 Nf6 5. Qd2 0-0 6. Bh6 c5 7. Nf3 cxd4 8. Nxd4 Bxh6 9. Qxh6 Qb6 10. 0-0-0 Ng4 11. Qd2 e5 12. h3 Nxf2 13. Qxf2 exd4 14. Nd5 Qa5 15. Qxd4 Nc6 16. Nf6+ Kh8 17. Qxd6 Be6 18. Qf4 Kg7 19. Ng4 f5 20. Qh6+ Kh8 21. exf5 Qxf5 22. Bd3 Qf4+ 23. Qxf4 Rxf4 24. Ne3 Nb4 25. a3 Nxd3+ 26. Rxd3 Raf8 27. Rhd1 Rf2 28. R3d2 Rxd2 29. Rxd2 Kg7 30. b4 Rc8 31. Kb2 a6 32. Rd6 Kf6 33. Rb6 Rb8 34. c4 h5 35. c5 Rd8 36. Kc3 Rd7 37. Nc4 Ke7 38. Ne5 Rd8 39. Nxg6+ Kd7 40. Rxb7+ Kc6 41. Rb6+ Kd5 1-0

[Event "GER-chT Federal Cup (Women)"]
[Site "Braunfels"]
[Date "2022.06.17"]
[Round "3.8"]
[White "Moeller, Lisa Marie"]
[Black "Roesler, Hannah Clara"]
[Result "1-0"]
[WhiteElo "1927"]
[BlackElo "1718"]
[PlyCount "105"]
[EventDate "2022.06.15"]
[EventType "team-swiss"]
[EventRounds "5"]
[EventCountry "GER"]
[SourceTitle "EXT 2023"]
[Source "ChessBase"]
[SourceDate "2022.10.05"]
[SourceVersion "1"]
[SourceVersionDate "2022.10.05"]
[SourceQuality "1"]

1. e4 c5 2. Nf3 g6 3. d4 cxd4 4. Nxd4 Nc6 5. c4 Bg7 6. Be3 Nf6 7. f3 0-0 8. Nc3 d6 9. Qd2 Bd7 10. Be2 Nxd4 11. Bxd4 a5 12. 0-0 Bc6 13. Rfd1 Nd7 14. Be3 Nc5 15. Rab1 Qc7 16. Nd5 Bxd5 17. cxd5 Rfd8 18. b4 axb4 19. Rxb4 Qa5 20. Bc4 Rdc8 21. Rc1 h5 22. Rb5 Qxd2 23. Bxd2 Bd4+ 24. Kf1 b6 25. Ke2 Nd7 26. Rbb1 Ne5 27. Bb3 b5 28. Rxc8+ Rxc8 29. Rc1 Rxc1 30. Bxc1 b4 31. Be3 Bb2 32. Bd2 Ba3 33. f4 Nd7 34. Bc2 Nc5 35. Ke3 e6 36. Kd4 Nd7 37. dxe6 fxe6 38. Kc4 Kf7 39. Bxb4 Bxb4 40. Kxb4 Nf6 41. h3 h4 42. a4 d5 43. e5 Nh5 44. a5 Nxf4 45. a6 d4 46. a7 Nd5+ 47. Kc5 Ne3 48. Bd3 Nxg2 49. a8Q Nf4 50. Qf3 g5 51. Kxd4 Kg7 52. Qg4 Kh6 53. Bc4 1-0

[Event "GER-chT U20"]
[Site "Braunschweig"]
[Date "2019.12.29"]
[Round "6.7"]
[White "Simrock, Manuel"]
[Black "Roesler, Hannah Clara"]
[Result "0-1"]
[WhiteElo "1211"]
[BlackElo "1695"]
[PlyCount "84"]
[EventDate "2019.12.27"]
[EventType "team-swiss"]
[EventRounds "7"]
[EventCountry "GER"]
[SourceTitle "CBM 194 Extra"]
[Source "ChessBase"]
[SourceDate "2020.03.31"]
[SourceVersion "1"]
[SourceVersionDate "2020.03.31"]
[SourceQuality "1"]
[WhiteTeam "Bensheim"]
[BlackTeam "Bebenhausen"]
[WhiteTeamCountry "GER"]
[BlackTeamCountry "GER"]

1. e4 c5 2. Nf3 g6 3. d4 cxd4 4. Nxd4 Nc6 5. Nc3 Bg7 6. Be3 Nf6 7. Be2 0-0 8. Qd2 d5 9. exd5 Nb4 10. Rd1 Nbxd5 11. Nxd5 Nxd5 12. Bh6 Qb6 13. Bxg7 Kxg7 14. c4 Nf6 15. 0-0 Bd7 16. Qc3 Rfe8 17. Nc2 Bc6 18. b4 e5 19. Kh1 Ba4 20. f3 Bxc2 21. Qxc2 Qxb4 22. Rb1 Qe7 23. Qb3 b6 24. Rfd1 Red8 25. Qe3 Nh5 26. Rb5 Rxd1+ 27. Bxd1 Re8 28. Bb3 Nf6 29. c5 Qd7 30. a4 Qd4 31. Qxd4 exd4 32. Kg1 bxc5 33. Rxc5 Re7 34. Kf2 Rd7 35. Ke2 Nh5 36. g3 Kf6 37. Kd3 Ng7 38. Ke4 Ne6 39. Rd5 Rb7 40. Bc4 Rb4 41. Bb5 Rb3 42. h4 Re3# 0-1

[Event "Alsace-Baden"]
[Site "Selestat"]
[Date "2019.09.22"]
[Round "1.28"]
[White "Roesler, Hannah Clara"]
[Black "Landenberger, Anja Kathrin"]
[Result "1-0"]
[WhiteElo "1681"]
[BlackElo "1815"]
[PlyCount "65"]
[EventDate "2019.09.22"]
[EventType "team-match"]
[EventRounds "1"]
[EventCountry "FRA"]
[SourceTitle "CBM 192 Extra"]
[Source "Chessbase"]
[SourceDate "2019.11.06"]
[SourceVersion "1"]
[SourceVersionDate "2019.11.06"]
[SourceQuality "1"]
[WhiteTeam "Alsace"]
[BlackTeam "Baden"]
[WhiteTeamCountry "FRA"]
[BlackTeamCountry "GER"]

1. e4 c6 2. d4 d5 3. exd5 cxd5 4. c4 Nf6 5. Nc3 e6 6. Nf3 Nc6 7. cxd5 exd5 8. Ne5 Qb6 9. Nxc6 bxc6 10. Be2 Bd6 11. 0-0 0-0 12. Qd3 Re8 13. f3 Re6 14. b4 Bxb4 15. Rb1 Qa5 16. Rb3 Bxc3 17. Rxc3 Rxe2 18. Ra3 Qb5 19. Qd1 Bf5 20. Re1 Rxe1+ 21. Qxe1 Re8 22. Re3 Rxe3 23. Bxe3 Qb1 24. Bc1 h6 25. a3 Qd3 26. Bb2 Qb1 27. Bc1 Bd3 28. h3 Qc2 29. Kh2 a6 30. Bd2 Qb2 31. Qe3 Qxa3 32. Be1 Bb5 33. Qxa3 1-0

[Event "GER-chT Federal Cup (Women)"]
[Site "Braunfels"]
[Date "2019.06.23"]
[Round "5.20"]
[White "Gressmann, Hanna"]
[Black "Roesler, Hannah Clara"]
[Result "1-0"]
[WhiteElo "1840"]
[BlackElo "1638"]
[PlyCount "115"]
[EventDate "2019.06.20"]
[EventType "team-swiss"]
[EventRounds "5"]
[EventCountry "GER"]
[SourceTitle "CBM 191 Extra"]
[Source "ChessBase"]
[SourceDate "2019.09.30"]
[SourceVersion "1"]
[SourceVersionDate "2019.09.30"]
[SourceQuality "1"]

1. e4 c5 2. Nc3 Nc6 3. g3 g6 4. Bg2 Bg7 5. d3 d6 6. f4 e6 7. Nf3 Nge7 8. 0-0 0-0 9. Be3 Nd4 10. e5 Nef5 11. Bf2 Nxf3+ 12. Qxf3 Nd4 13. Qd1 dxe5 14. fxe5 Bxe5 15. Ne4 f5 16. Nxc5 Qd6 17. Na4 Rd8 18. c3 Nc6 19. d4 Bg7 20. b4 Rb8 21. Nc5 b6 22. Nd3 Bb7 23. Be3 Qe7 24. Qb3 Kh8 25. Rfe1 Qd7 26. Bf4 e5 27. Nxe5 Nxe5 28. Bxe5 Rbc8 29. Bxg7+ Kxg7 30. Rac1 Bxg2 31. Kxg2 b5 32. Kf2 Re8 33. Rxe8 Rxe8 34. Re1 Re4 35. Qc2 Qf7 36. Qb3 Qe8 37. Rxe4 Qxe4 38. Qd1 Kf6 39. Qd2 g5 40. d5 Ke5 41. d6 Qa8 42. d7 Qd8 43. Qe2+ Kd6 44. Qxb5 Qxd7 45. Qxd7+ Kxd7 46. Ke3 Kc6 47. c4 Kd6 48. Kd4 h5 49. c5+ Ke6 50. b5 f4 51. gxf4 g4 52. Ke4 h4 53. f5+ Kf6 54. Kf4 g3 55. hxg3 h3 56. Kf3 Kxf5 57. b6 h2 58. Kg2 1-0

[Event "GER-chT Federal Cup (Women)"]
[Site "Braunfels"]
[Date "2019.06.22"]
[Round "4.36"]
[White "Roesler, Hannah Clara"]
[Black "Lerch, Cornelia"]
[Result "1-0"]
[WhiteElo "1638"]
[BlackElo "1861"]
[PlyCount "33"]
[EventDate "2019.06.20"]
[EventType "team-swiss"]
[EventRounds "5"]
[EventCountry "GER"]
[SourceTitle "CBM 191 Extra"]
[Source "ChessBase"]
[SourceDate "2019.09.30"]
[SourceVersion "1"]
[SourceVersionDate "2019.09.30"]
[SourceQuality "1"]

1. e4 e5 2. Nf3 Nc6 3. Bc4 Bc5 4. b4 Bxb4 5. c3 Ba5 6. d4 exd4 7. 0-0 Bxc3 8. Nxc3 dxc3 9. Qb3 Qf6 10. e5 Qg6 11. Qxc3 Nge7 12. Ng5 Nd8 13. Bd3 Qc6 14. Qb3 h6 15. Nf3 Ne6 16. Be3 d5 17. Bb5 1-0

[Event "GER-chT Federal Cup (Women)"]
[Site "Braunfels"]
[Date "2019.06.21"]
[Round "3.52"]
[White "Pavlov, Liliane"]
[Black "Roesler, Hannah Clara"]
[Result "0-1"]
[WhiteElo "1619"]
[BlackElo "1638"]
[PlyCount "84"]
[EventDate "2019.06.20"]
[EventType "team-swiss"]
[EventRounds "5"]
[EventCountry "GER"]
[SourceTitle "CBM 191 Extra"]
[Source "ChessBase"]
[SourceDate "2019.09.30"]
[SourceVersion "1"]
[SourceVersionDate "2019.09.30"]
[SourceQuality "1"]

1. d4 Nf6 2. c4 c5 3. d5 b5 4. cxb5 a6 5. bxa6 Bxa6 6. Nc3 g6 7. g3 d6 8. Bg2 Bg7 9. Nf3 0-0 10. 0-0 Nbd7 11. h3 Qa5 12. Bd2 Rfb8 13. Rb1 Qc7 14. b3 Nb6 15. Ne1 Qb7 16. Be3 Ne8 17. Bd2 Nc7 18. Nc2 Qc8 19. Re1 f5 20. e4 fxe4 21. Nxe4 Bb7 22. Bc3 Bxd5 23. Bxg7 Kxg7 24. Nc3 Bxg2 25. Kxg2 Qd7 26. b4 c4 27. Qd4+ e5 28. Qh4 Rf8 29. Ne3 Qc6+ 30. Kg1 Rae8 31. Ne4 d5 32. Ng5 h6 33. Ng4 hxg5 34. Qh6+ Kg8 35. Nxe5 Rxe5 36. Rxe5 Qf6 37. Rxg5 Qxf2+ 38. Kh1 Qf3+ 39. Kh2 Qe2+ 40. Kg1 Qe3+ 41. Kg2 Rf2+ 42. Kg1 Rb2+ 0-1

[Event "GER-ch blitz (Women)"]
[Site "Magdeburg"]
[Date "2019.05.25"]
[Round "17"]
[White "Fuchs, Judith"]
[Black "Roesler, Hannah Clara"]
[Result "1-0"]
[WhiteElo "2218"]
[BlackElo "1619"]
[PlyCount "55"]
[EventDate "2019.05.25"]
[EventType "tourn (blitz)"]
[EventRounds "29"]
[EventCountry "GER"]
[SourceTitle "CBM 190 Extra"]
[Source "ChessBase"]
[SourceDate "2019.07.15"]
[SourceVersion "1"]
[SourceVersionDate "2019.07.15"]
[SourceQuality "1"]

1. d4 Nf6 2. Bf4 e6 3. e3 d5 4. Nf3 c5 5. c3 Nc6 6. Nbd2 Bd6 7. Bg3 0-0 8. Bd3 c4 9. Bc2 b5 10. a3 Bb7 11. Qe2 a5 12. e4 dxe4 13. Nxe4 Nxe4 14. Bxe4 Qc7 15. Bc2 Rfe8 16. Bxd6 Qxd6 17. Rd1 Qf4 18. Qe4 Qf6 19. Qxh7+ Kf8 20. 0-0 Ke7 21. Qh4 Rh8 22. Qxf6+ gxf6 23. d5 exd5 24. Rxd5 Ne5 25. Rxb5 Bxf3 26. Re1 Bc6 27. Rb6 Bd7 28. f4 1-0

[Event "GER-ch blitz (Women)"]
[Site "Magdeburg"]
[Date "2019.05.25"]
[Round "15"]
[White "Kotyk, Valeriya"]
[Black "Roesler, Hannah Clara"]
[Result "1-0"]
[WhiteElo "1739"]
[BlackElo "1619"]
[PlyCount "57"]
[EventDate "2019.05.25"]
[EventType "tourn (blitz)"]
[EventRounds "29"]
[EventCountry "GER"]
[SourceTitle "CBM 190 Extra"]
[Source "ChessBase"]
[SourceDate "2019.07.15"]
[SourceVersion "1"]
[SourceVersionDate "2019.07.15"]
[SourceQuality "1"]

1. d4 Nf6 2. Bg5 Ne4 3. Bf4 e6 4. Nd2 Nxd2 5. Qxd2 d5 6. e3 c5 7. a3 Nc6 8. Nf3 Be7 9. dxc5 Bxc5 10. b4 Bb6 11. Rd1 0-0 12. c4 dxc4 13. Qxd8 Rxd8 14. Rxd8+ Bxd8 15. Bxc4 b6 16. Ke2 Bb7 17. Rd1 Bf6 18. Rd7 Bc8 19. Rc7 Nd8 20. Ne5 Bxe5 21. Bxe5 f6 22. Bb2 Kh8 23. f4 e5 24. h3 Ne6 25. Re7 Nf8 26. fxe5 f5 27. e6 Bb7 28. Bxg7+ Kg8 29. Rxb7 1-0

[Event "GER-ch blitz (Women)"]
[Site "Magdeburg"]
[Date "2019.05.25"]
[Round "21"]
[White "Ries, Jutta"]
[Black "Roesler, Hannah Clara"]
[Result "1-0"]
[WhiteElo "2017"]
[BlackElo "1619"]
[PlyCount "51"]
[EventDate "2019.05.25"]
[EventType "tourn (blitz)"]
[EventRounds "29"]
[EventCountry "GER"]
[SourceTitle "CBM 190 Extra"]
[Source "ChessBase"]
[SourceDate "2019.07.15"]
[SourceVersion "1"]
[SourceVersionDate "2019.07.15"]
[SourceQuality "1"]

1. f4 d5 2. Nf3 c5 3. b3 Nf6 4. Bb2 g6 5. e3 Bg7 6. Bb5+ Bd7 7. Qe2 0-0 8. a4 a6 9. Bxd7 Qxd7 10. 0-0 Nc6 11. d3 Rfd8 12. Nbd2 b5 13. Ne5 Nxe5 14. fxe5 Ng4 15. d4 c4 16. h3 Nh6 17. Nf3 Rac8 18. axb5 axb5 19. Ng5 c3 20. Ba3 Rb8 21. Bb4 Rdc8 22. Ra5 Qc7 23. Rxb5 Rxb5 24. Qxb5 e6 25. Bd6 Qd8 26. Qb7 1-0

[Event "GER-ch blitz (Women)"]
[Site "Magdeburg"]
[Date "2019.05.25"]
[Round "12"]
[White "Roesler, Hannah Clara"]
[Black "Gheng, Simona"]
[Result "1-0"]
[WhiteElo "1619"]
[BlackElo "1991"]
[PlyCount "55"]
[EventDate "2019.05.25"]
[EventType "tourn (blitz)"]
[EventRounds "29"]
[EventCountry "GER"]
[SourceTitle "CBM 190 Extra"]
[Source "ChessBase"]
[SourceDate "2019.07.15"]
[SourceVersion "1"]
[SourceVersionDate "2019.07.15"]
[SourceQuality "1"]

1. e4 c5 2. c3 d6 3. d4 cxd4 4. cxd4 g6 5. Nc3 Bg7 6. Bc4 Nf6 7. Bd3 0-0 8. Nf3 Nc6 9. 0-0 Bg4 10. Be2 a6 11. h3 Bd7 12. Bg5 Qa5 13. Qd2 Rac8 14. Bh6 b5 15. Bxg7 Kxg7 16. e5 Ne8 17. Rfd1 Bf5 18. Nh4 Bd7 19. Rac1 b4 20. Ne4 dxe5 21. dxe5 Nxe5 22. Qd4 Rxc1 23. Rxc1 f6 24. f4 Bc6 25. fxe5 Bxe4 26. Qxe4 f5 27. Qd4 e6 28. Bc4 1-0

[Event "GER-ch blitz (Women)"]
[Site "Magdeburg"]
[Date "2019.05.25"]
[Round "10"]
[White "Roesler, Hannah Clara"]
[Black "Kopylov, Luba"]
[Result "1-0"]
[WhiteElo "1619"]
[BlackElo "2078"]
[PlyCount "67"]
[EventDate "2019.05.25"]
[EventType "tourn (blitz)"]
[EventRounds "29"]
[EventCountry "GER"]
[SourceTitle "CBM 190 Extra"]
[Source "ChessBase"]
[SourceDate "2019.07.15"]
[SourceVersion "1"]
[SourceVersionDate "2019.07.15"]
[SourceQuality "1"]

1. e4 c5 2. c3 d5 3. exd5 Qxd5 4. d4 e6 5. Nf3 Nf6 6. Na3 a6 7. Nc4 Nbd7 8. Bd3 cxd4 9. cxd4 Bb4+ 10. Bd2 Bxd2+ 11. Qxd2 0-0 12. 0-0 b5 13. Ne3 Qh5 14. Bc2 Bb7 15. Bd1 Ng4 16. h3 Nxe3 17. fxe3 Qg6 18. Bc2 Qg3 19. Rac1 Nf6 20. Ne5 Rad8 21. Bd3 Ne4 22. Qe1 Nc5 23. Qxg3 Nxd3 24. Nxd3 Be4 25. Ne5 Bg6 26. Nxg6 hxg6 27. Rc7 Rd5 28. Rfc1 Rfd8 29. Rc8 Kh7 30. Rxd8 Rxd8 31. Qh4+ Kg8 32. Qxd8+ Kh7 33. Qh4+ Kg8 34. Rc8# 1-0

[Event "GER-ch blitz (Women)"]
[Site "Magdeburg"]
[Date "2019.05.25"]
[Round "16"]
[White "Roesler, Hannah Clara"]
[Black "Kreismann, Franziska"]
[Result "1-0"]
[WhiteElo "1619"]
[BlackElo "1589"]
[PlyCount "71"]
[EventDate "2019.05.25"]
[EventType "tourn (blitz)"]
[EventRounds "29"]
[EventCountry "GER"]
[SourceTitle "CBM 190 Extra"]
[Source "ChessBase"]
[SourceDate "2019.07.15"]
[SourceVersion "1"]
[SourceVersionDate "2019.07.15"]
[SourceQuality "1"]

1. e4 c6 2. d4 d5 3. exd5 cxd5 4. c4 dxc4 5. Bxc4 e6 6. Nf3 Bb4+ 7. Nc3 Nc6 8. 0-0 Nf6 9. Bg5 0-0 10. Bb3 b6 11. Bc2 Bb7 12. Qd3 g6 13. Ne4 Be7 14. Bh6 Re8 15. Neg5 Nh5 16. Ne4 Nf6 17. Nc3 Qc7 18. Rac1 Rad8 19. Rfe1 Ng4 20. Be3 Bd6 21. Nb5 Bxh2+ 22. Kf1 Nxe3+ 23. Rxe3 Qf4 24. Qd2 a6 25. Nc3 Qc7 26. a3 e5 27. d5 Ne7 28. Ng5 Nf5 29. Bxf5 gxf5 30. Rh3 Kg7 31. Rxh2 Re6 32. Rxh7+ Kg6 33. Rxf7 Kh6 34. Rxc7 Rde8 35. Nf7+ Kg7 36. Nd6+ 1-0

[Event "GER-ch blitz (Women)"]
[Site "Magdeburg"]
[Date "2019.05.25"]
[Round "14"]
[White "Roesler, Hannah Clara"]
[Black "Kunze, Kerstin"]
[Result "0-1"]
[WhiteElo "1619"]
[BlackElo "2066"]
[PlyCount "122"]
[EventDate "2019.05.25"]
[EventType "tourn (blitz)"]
[EventRounds "29"]
[EventCountry "GER"]
[SourceTitle "CBM 190 Extra"]
[Source "ChessBase"]
[SourceDate "2019.07.15"]
[SourceVersion "1"]
[SourceVersionDate "2019.07.15"]
[SourceQuality "1"]

1. e4 e5 2. Nf3 Nc6 3. Bc4 Nf6 4. d4 Nxe4 5. dxe5 Bc5 6. Bxf7+ Kxf7 7. Qd5+ Ke8 8. Qxe4 Qe7 9. Bg5 Qf7 10. 0-0 h6 11. Bh4 Rf8 12. Nc3 Qf5 13. Qd5 Bb6 14. Rae1 Qe6 15. Qxe6+ dxe6 16. Rd1 g5 17. Bg3 Ke7 18. h4 g4 19. Nd2 Nd4 20. Nc4 Nxc2 21. Nxb6 axb6 22. Rd2 Nb4 23. Rfd1 Nxa2 24. Ra1 Nxc3 25. Rxa8 Ne4 26. Re2 Nc5 27. Ra1 Rd8 28. Bf4 h5 29. Bg5+ Ke8 30. Bxd8 Kxd8 31. Rd1+ Ke7 32. Red2 b5 33. Rd8 Bd7 34. Rh8 Be8 35. Rh7+ Bf7 36. Rc1 b6 37. b4 Na6 38. Rc6 Kd7 39. Rc1 Ke7 40. Rd1 Nxb4 41. Rb1 c5 42. Kf1 c4 43. Ke2 Nd5 44. Rxb5 c3 45. Rxd5 exd5 46. Kd3 d4 47. Rh6 Be6 48. Rxh5 b5 49. Rh7+ Bf7 50. Rh6 b4 51. Rb6 b3 52. e6 Bxe6 53. h5 Bf5+ 54. Ke2 b2 55. Kd1 b1Q+ 56. Rxb1 Bxb1 57. Ke2 d3+ 58. Kd1 Ba2 59. Kc1 Bb3 60. f3 d2+ 61. Kb1 d1Q# 0-1

[Event "GER-chT Federal Cup (Women)"]
[Site "Braunfels"]
[Date "2018.06.01"]
[Round "3.7"]
[White "Roesler, Hannah Clara"]
[Black "Kail, Sindy"]
[Result "0-1"]
[WhiteElo "1620"]
[BlackElo "1819"]
[PlyCount "72"]
[EventDate "2018.05.31"]
[EventType "team-swiss"]
[EventRounds "5"]
[EventCountry "GER"]
[SourceTitle "EXT 2020"]
[Source "ChessBase"]
[SourceDate "2019.10.17"]
[SourceVersion "1"]
[SourceVersionDate "2019.10.17"]
[SourceQuality "1"]
[WhiteTeam "Wuerttemberg (W) II"]
[BlackTeam "Bayern (W)"]
[WhiteTeamCountry "GER"]
[BlackTeamCountry "GER"]

1. e4 c5 2. c3 Nf6 3. e5 Nd5 4. d4 cxd4 5. Nf3 Nc6 6. Bc4 Nb6 7. Bb3 dxc3 8. Nxc3 e6 9. 0-0 d5 10. a3 Be7 11. Re1 a6 12. Bf4 Na5 13. Bc2 Nac4 14. Bc1 Qc7 15. b3 Nxe5 16. Bf4 Nxf3+ 17. Qxf3 Bd6 18. Bxd6 Qxd6 19. Rad1 0-0 20. Ne4 Qe7 21. Nc3 Qxa3 22. Bxh7+ Kxh7 23. Qh5+ Kg8 24. Rd4 f5 25. Rh4 Rf6 26. Qh7+ Kf7 27. Qh5+ Ke7 28. Qh7 Rf7 29. Rh5 Qb4 30. Rc1 Bd7 31. Qg6 Qd4 32. Qg5+ Kd6 33. Rh4 f4 34. Rh3 Rc8 35. Rd1 Rxc3 36. Rxc3 Qxd1# 0-1

[Event "GER-ch U18 Girls"]
[Site "Willingen"]
[Date "2016.05.15"]
[Round "1"]
[White "Gassmann, Linda"]
[Black "Roesler, Hannah Clara"]
[Result "1-0"]
[WhiteElo "1816"]
[BlackElo "1400"]
[PlyCount "135"]
[EventDate "2016.05.15"]
[EventType "swiss"]
[EventRounds "9"]
[EventCountry "GER"]
[SourceTitle "CBM 172 Extra"]
[Source "ChessBase"]
[SourceDate "2016.06.21"]
[SourceVersion "1"]
[SourceVersionDate "2016.06.21"]
[SourceQuality "1"]

1. d4 Nf6 2. c4 e6 3. Nf3 b6 4. g3 Bb7 5. Bg2 d5 6. cxd5 exd5 7. Ne5 Nbd7 8. Qa4 Bd6 9. Nc6 Qc8 10. Nc3 b5 11. Qxb5 a6 12. Qa4 Nb6 13. Na7+ Nxa4 14. Nxc8 Bb4 15. Bd2 Nxc3 16. bxc3 Ba3 17. Rb1 Bxc8 18. c4 Be6 19. c5 a5 20. Rb3 Bb4 21. Bxb4 axb4 22. Rxb4 0-0 23. Rb2 Ra3 24. 0-0 Rfa8 25. Rfb1 h6 26. Rb7 c6 27. Rb8+ Rxb8 28. Rxb8+ Kh7 29. Rb2 Rc3 30. f3 Bf5 31. Kf2 Rc2 32. Rxc2 Bxc2 33. Ke1 Kg8 34. Kd2 Bf5 35. Kc3 Kf8 36. Kb4 Nd7 37. e4 Be6 38. a4 Nb8 39. Ka5 Nd7 40. Ka6 Ke7 41. Kb7 Nf6 42. a5 Kd8 43. Kxc6 Kc8 44. a6 Kb8 45. Kb6 Nd7+ 46. Kb5 Ka7 47. f4 Nf6 48. exd5 Nxd5 49. f5 Bd7+ 50. c6 Nc7+ 51. Kc5 Nxa6+ 52. Kd6 Bxf5 53. Bd5 Kb6 54. Bxf7 Be4 55. d5 Nc7 56. Ke5 Bg2 57. d6 Nb5 58. c7 Bh3 59. Be6 Bxe6 60. Kxe6 Na7 61. Ke7 Kb7 62. d7 Nc6+ 63. Kd6 Na7 64. d8Q Nb5+ 65. Kd7 Nxc7 66. Qxc7+ Ka8 67. Kc6 g5 68. Qb7# 1-0

[Event "GER-ch U18 Girls"]
[Site "Willingen"]
[Date "2016.05.15"]
[Round "2"]
[White "Roesler, Hannah Clara"]
[Black "Schulz, Theresa Charlotte"]
[Result "0-1"]
[WhiteElo "1400"]
[BlackElo "1687"]
[PlyCount "90"]
[EventDate "2016.05.15"]
[EventType "swiss"]
[EventRounds "9"]
[EventCountry "GER"]
[SourceTitle "CBM 172 Extra"]
[Source "ChessBase"]
[SourceDate "2016.06.21"]
[SourceVersion "1"]
[SourceVersionDate "2016.06.21"]
[SourceQuality "1"]

1. e4 c5 2. d4 cxd4 3. c3 dxc3 4. Nxc3 Nc6 5. Nf3 g6 6. Bc4 Bg7 7. 0-0 Nf6 8. Qe2 Qc7 9. Nb5 Qb8 10. g3 a6 11. Bf4 e5 12. Nxe5 Nxe5 13. Na3 d6 14. Bb3 0-0 15. Bd2 b5 16. Rac1 b4 17. Nc2 a5 18. f4 Ba6 19. Qd1 Bxf1 20. fxe5 Nxe4 21. Kxf1 Qb5+ 22. Ke1 Bxe5 23. Ne3 Rac8 24. Bc4 Qd7 25. Nd5 Nxd2 26. Kxd2 Qa7 27. Qf3 Qd4+ 28. Bd3 Qxb2+ 29. Bc2 Qd4+ 30. Ke1 Qg1+ 31. Qf1 Qxf1+ 32. Kxf1 Rc5 33. Ne3 Rfc8 34. Ke2 Bd4 35. h4 Bxe3 36. Kxe3 Rxc2 37. Ra1 Rg2 38. Rd1 Rxa2 39. Rxd6 b3 40. h5 b2 41. hxg6 b1Q 42. gxf7+ Kf8 43. g4 Ra4 44. g5 Rc3+ 45. Ke2 Ra2+ 0-1

[Event "GER-chT U14 Girls"]
[Site "Magdeburg"]
[Date "2013.12.27"]
[Round "1.1"]
[White "Kluge, Leyla"]
[Black "Roesler, Hannah Clara"]
[Result "1-0"]
[WhiteElo "1623"]
[BlackElo "879"]
[PlyCount "69"]
[EventDate "2013.12.27"]
[EventType "team-swiss"]
[EventRounds "4"]
[EventCountry "GER"]
[SourceTitle "EXT 2015"]
[Source "ChessBase"]
[SourceDate "2014.11.20"]
[SourceVersion "1"]
[SourceVersionDate "2014.11.20"]
[SourceQuality "1"]
[WhiteTeam "Chemnitz"]
[BlackTeam "Bebenhausen"]
[WhiteTeamCountry "GER"]
[BlackTeamCountry "GER"]

1. c4 e6 2. Nc3 d5 3. cxd5 exd5 4. d3 c6 5. g3 Nf6 6. Bg2 Nbd7 7. Nf3 Bb4 8. 0-0 0-0 9. a3 Ba5 10. Qc2 b6 11. b4 Bxb4 12. axb4 Bb7 13. Bf4 Re8 14. d4 Qc8 15. Rfc1 c5 16. bxc5 bxc5 17. Nb5 Rf8 18. Nxa7 Qd8 19. dxc5 Nb8 20. c6 Nxc6 21. Nxc6 Qd7 22. Ncd4 Rad8 23. Qc7 Qxc7 24. Rxc7 Bc8 25. Nc6 Rd7 26. Ne7+ Kh8 27. Rxc8 Ne8 28. Raa8 h6 29. Rxe8 Rxe8 30. Rxe8+ Kh7 31. Ne5 Ra7 32. Nxf7 g6 33. Be5 Ra8 34. Rxa8 d4 35. Rh8# 1-0